000 00640nam a2200265Ia 4500
005 20260306163504.0
008 008 260114s9999 xx 000 0 eng d
020 _a9780226656427
037 _aEBOOK
040 _aCRL
040 _beng
040 _cCRL
041 _2eng
041 _aeng
084 _qCRL
100 _aFeldman, Zeitlin
_91128734
245 4 _aThe Voice As Something More: Essays Toward Materiality
260 _bUniversity of Chicago Press
260 _c2020
650 _aMusic
856 _uhttps://academic.oup.com/book/30907
942 _cEBOOK
999 _c1710305
_d1710305